Normal view MARC view

Entry Personal Name

Number of records used in: 3

001 - CONTROL NUMBER

  • control field: 8288

003 - CONTROL NUMBER IDENTIFIER

  • control field: DLC

005 - DATE AND TIME OF LATEST TRANSACTION

  • control field: 20260305114227.0

008 - FIXED-LENGTH DATA ELEMENTS

  • fixed length control field: 170922n| azannaabn |a aaa

010 ## - LIBRARY OF CONGRESS CONTROL NUMBER

  • LC control number: n 2017244847

040 ## - CATALOGING SOURCE

  • Original cataloging agency: DLC
  • Language of cataloging: eng
  • Description conventions: rda
  • Transcribing agency: DLC
  • Modifying agency: DLC

053 #0 - LC CLASSIFICATION NUMBER

  • Classification number element--single number or beginning number of span: PL4718.9.D417

100 0# - HEADING--PERSONAL NAME

  • Personal name: Dīpāniśānt

370 ## - ASSOCIATED PLACE

  • Place of birth: Peramangalam (India)

371 ## - ADDRESS

  • Electronic mail address: deepa.nisanth@gmail.com

372 ## - FIELD OF ACTIVITY

  • Field of activity: Literature
  • Source of term: lcsh

374 ## - OCCUPATION

  • Occupation: Writers
  • Source of term: lcdgt

377 ## - ASSOCIATED LANGUAGE

  • Language code: mal

400 0# - SEE FROM TRACING--PERSONAL NAME

  • Personal name: Deepa Nisanth

400 1# - SEE FROM TRACING--PERSONAL NAME

  • Personal name: Nisanth, Deepa

670 ## - SOURCE DATA FOUND

  • Source citation: Nananññutīrtta mal̲akaḷ, July 2016:
  • Information found: t.p. (Dīpāniśānt) t.p. verso (Deepa Nisanth) p. facing t.p. (born in Peramangalam, Trichur District, Kerala State, India; Malayalam author; email: deepa.nisanth@gmail.com)

Powered by Koha